000 00616nam a2200229Ia 4500
003 OSt
005 20220928111555.0
006 a|||||r|||| 00| 0
007 ta
008 220927b |||||||| |||| 00| 0 eng d
024 _a53045
037 _cTextual
040 _aSDCL
_cSDCL
_beng
041 _2eng
_aeng
082 _aO152,6N364x, L7
100 _aMishra Krishna Bihari
_9396697
245 0 _aAalok pantha.
260 _aNew Delhi
_bNational Publishing House
_c1977
300 _a87p.
_ccm.
942 _hO152,6N364x, L7
_cTEXL
_2CC
999 _c740881
_d740881